000 00469nam a2200145 4500
999 _c11503
_d11503
008 181206b ||||| |||| 00| 0 eng d
022 _a
082 _aDPer 050 T48 Apr-June 2016 v. 187, n. 12-24
100 _932979
_aHawking, Stephen
245 _aYuri Milner:
_binvestor in moon shots/
_cStephen Hawking.
260 _aHong Kong:
_bTime Asia,
_cc2016.
300 _av187 n16-17, page 42:
_billustrations;
_c27 cm.
650 0 _932980
_aBusinessmen.
942 _2ddc
_cPER